000 00322 a2200133 4500
000 nam a22 7a 4500
100 _aCarey, Francis A.
110 _aCarey, Francis A.
245 _aOrganic Chemistry
250 _a12th/Latest edition
260 _bMcGraw Hill
_c2024
264 _bMcGraw Hill
_c2024
942 _cBK
999 _c397132
_d397132